| 000 | 00490nam a2200157Ia 4500 | ||
|---|---|---|---|
| 008 | 170224s9999 xx 000 0 und d | ||
| 100 | _aJustin A. Walden | ||
| 245 | _aIntegrating Social Media Into the Workplace: A Study of Shifting Technology Use Repertoires | ||
| 245 | _cJustin A. Walden | ||
| 260 | _bJournal of Broadcasting & Electronic Media | ||
| 260 | _cJune | ||
| 300 | _a60:2, Pages: 347-363 | ||
| 500 | _aJune | ||
| 650 | _xCommunication Arts | ||
| 650 | _xMultimedia Arts | ||
| 999 |
_c316222 _d316222 |
||